Basics of Natural Farming (Record no. 52270)

MARC details
000 -LEADER
fixed length control field 00610nam a22002297a 4500
003 - CONTROL NUMBER IDENTIFIER
control field OSt
008 - FIXED-LENGTH DATA ELEMENTS--GENERAL INFORMATION
fixed length control field 260624b |||||||| |||| 00| 0 eng d
020 ## - INTERNATIONAL STANDARD BOOK NUMBER
International Standard Book Number 9788197361296
082 ## - DEWEY DECIMAL CLASSIFICATION NUMBER
Classification number 631.584
Item number G42B
100 ## - MAIN ENTRY--PERSONAL NAME
Personal name Ghosal, A.
245 ## - TITLE STATEMENT
Title Basics of Natural Farming
Statement of responsibility, etc. Ghosal, A.
260 ## - PUBLICATION, DISTRIBUTION, ETC. (IMPRINT)
Place of publication, distribution, etc New Delhi
Name of publisher, distributor, etc TTPP, New Delhi
Date of publication, distribution, etc 2024
300 ## - PHYSICAL DESCRIPTION
Extent 166 p.
650 ## - SUBJECT ADDED ENTRY--TOPICAL TERM
Topical term or geographic name as entry element Natural farming.
650 ## - SUBJECT ADDED ENTRY--TOPICAL TERM
Topical term or geographic name as entry element Organic farming.
650 ## - SUBJECT ADDED ENTRY--TOPICAL TERM
Topical term or geographic name as entry element Natural farming Handbooks, manuals
650 ## - SUBJECT ADDED ENTRY--TOPICAL TERM
Topical term or geographic name as entry element Natural farming India.
650 ## - SUBJECT ADDED ENTRY--TOPICAL TERM
Topical term or geographic name as entry element Sustainable agriculture.
700 ## - ADDED ENTRY--PERSONAL NAME
Personal name Karak, S.
700 ## - ADDED ENTRY--PERSONAL NAME
Personal name Thapa, U.
942 ## - ADDED ENTRY ELEMENTS (KOHA)
Source of classification or shelving scheme
Koha item type Books
Holdings
Withdrawn status Lost status Source of classification or shelving scheme Damaged status Not for loan Home library Current library Shelving location Date acquired Source of acquisition Currency Cost, normal purchase price Total Checkouts Full call number Barcode Date last seen Bill Date Koha item type Bill Number
          Dr. Rajendra Prasad Central Agricultural University Pusa, Dr. Rajendra Prasad Central Agricultural University Pusa, General Stacks 24/06/2026 TTPP, New Delhi INR 2495.00   631.584 G42B 87811 24/06/2026 29/01/2026 Books Invoice- IN-00449
Hosted, Implemented, Customized & Maintained by: BestBookBuddies

Powered by Koha